| 000 | 01363nabaa22002057a 4500 | ||
|---|---|---|---|
| 999 |
_c6131 _d6131 |
||
| 003 | OSt | ||
| 005 | 20260122221250.0 | ||
| 008 | 190701b xxu||||| |||| 00| 0 spa d | ||
| 040 | _cPJ | ||
| 100 |
_95281 _aSilva Tamayo, Gustavo E. |
||
| 245 | 1 | 0 |
_aApuntes sobre la discrecionalidad legislativa / _cGustavo E. Silva Tamayo. |
| 300 | _ap. 136-157 | ||
| 505 | _aSumario: I. Introducción.— II. Principales nociones de discrecionalidad estatal: breve cuadro evolutivo.— III. La programación legislativa finalista y las cláusulas abiertas.— IV. Especies de discrecionalidad.— V. La discrecionalidad estatal como modo (y no como ausencia) de regulación.— VI. Las técnicas de control de la discrecionalidad administrativa resultan, en general, aplicables a la actuación discrecional de todos los órganos estatales.— VII. La discrecionalidad legislativa: presupuestos y límites.— VIII. El ejercicio de la discrecionalidad legislativa y su control finalista.— IX. Conclusión. | ||
| 505 | _t¿Te interesa el texto completo? Comunicate al correo: koha@justierradelfuego.gov.ar | ||
| 650 | 0 |
_9211 _aDERECHO ADMINISTRATIVO |
|
| 650 | 0 |
_91183 _aLEGISLACION |
|
| 650 | 0 |
_9208 _aOBJECION DE CONCIENCIA |
|
| 773 | 0 |
_02842 _93251 _dBuenos Aires : AbeledoPerrot, 2012- _oDA121 _tDerecho administrativo. Nº 148 julio/agosto 2023 _z18510590 |
|
| 942 |
_2udc _cANA |
||